| 000 | 01927nam a2200337 4500 | ||
|---|---|---|---|
| 003 | DO-SdBPM | ||
| 005 | 20250617100937.0 | ||
| 007 | ta | ||
| 008 | 220325b2016 dr ||| |||| 00| 0 spa d | ||
| 020 | _a9789945899191 | ||
| 040 |
_aDO-SdBPM _bspa _cBPMSU _erda |
||
| 082 | 4 |
_aRD860.9 _bR696d 2016 _222 |
|
| 100 | 1 |
_aRodríguez, Aralís _d1966- |
|
| 245 | 1 | 0 |
_aDe Anacaona a Jacques Viau Renaud: _binvasiones y resistencia en la literatura dominicana / _cAralís Rodríguez |
| 264 |
_aSanto Domingo: _bEditora Nacional; _c2016 |
||
| 300 |
_a334 páginas ; _c24 cm |
||
| 336 |
_atexto _btxt _2rdacontent |
||
| 337 |
_asin mediación _bn _2rdamedia |
||
| 338 |
_avolumen _bnc _2rdacarrier |
||
| 490 | 0 | _aPensamiento dominicano | |
| 500 | _aIncluye datos biográficos del autor en la solapa de la cubierta | ||
| 502 | _aBasado en la tesis sometida a la Universidad de Birmingham, Reino Unido para optar al titulo de Doctora en Filosofia (PhD) julio 2015 | ||
| 505 | 0 | _aDedicatoria y agradecimientos 9 -- Controvertidos acontecimientos históricos en un estudio abarcador 11 -- Introducción 5 -- De Cristóbal Colón a Rafael Trujillo: perspectiva femenina de las invasiones 53 -- La dramatización de Francis Drake como un personaje mitológico 93 -- El uso del teatro como arma de propaganda contra la invasión haitiana 117 -- Gavilleros, novelas y otros modos de resistencia contra la invasión de 1916 145 -- Imágenes literarias del dictador, enfocado como un invasor interno 217 -- Versos contra balas durante la invasión de 1965 273 -- Conclusión 309 -- Bibliografía 315 | |
| 590 | _aInventariado, 2025/VM | ||
| 650 | 7 |
_aLiteratura dominicana _xHistoria y crítica |
|
| 650 | 7 |
_aEnsayos dominicanos _xHistoria y crítica |
|
| 651 | 7 |
_aRepública Dominicana _xHistoria |
|
| 710 | 2 |
_aRepública Dominicana. _b Ministerio de Cultura |
|
| 910 | _aVMateo V. Control de calidad. BPMSU | ||
| 942 |
_2ddc _cBK |
||
| 999 |
_c14115 _d14115 |
||